Normal view MARC view

Entry Nombre personal

Number of records used in: 43

001 - NÚMERO DE CONTROL

  • campo de control: 75154

003 - IDENTIFICADOR DE NÚMERO DE CONTROL

  • campo de control: OSt

005 - FECHA Y HORA DE LA ÚLTIMA TRANSACCIÓN

  • campo de control: 20230524152350.0

008 - ELEMENTOS DE DATO DE LONGITUD-FIJA

  • campo de control de longitud fija: 060727 n acnnnaaan n ann d

040 ## - FUENTE DE CATALOGACIÓN

  • Centro catalogador/agencia de origen: OSt
  • Centro/agencia transcriptor: OSt

100 1# - ENCABEZAMIENTO-NOMBRE DE PERSONA

  • Nombre de persona: Machado, Antonio,
  • Fechas asociadas al nombre: 1875-1939-
  • Subdivisión general: Crítica e interpretación